01394nam a2200313 a 450000100100000000500170001000800410002702000150006804000250008308200150010824500890012326000870021230000340029949000430033350502700037650000220064650000700066865000310073865000240076965000230079365000260081665000150084265000550085770000240091274000210093674000380095774000430099583000420103800000242920200929150208.0090702s1996 sp ac 001 0 spa d a8486168910 aDO-SdBNPbspacBNPHU a002bH673i00aHistoria ilustrada del libro español /cbajo la dirección de Hipólito Escolar. aMadrid :bFundación Germán Sánchez Ruipérez:bEdiciones Pirámide,c1996. a3 v. :bil., retrs. ;c26 cm.1 aBiblioteca del libro ;vv. 54, 60 y 662 av.1. Los manuscritos / colaboradores Manuel Carrión Gútiez ... [et al] -- v.2. De los incunables al siglo XVIII / colaboradores Juan Carrete Parrondo ... [et al.] -- v.3. La edición moderna. Siglos XIX y XX / colaboradores Jean-François Botrel ... [et al.]. aIncluye índice. aIncluye referencias bibliográficas al final de cada capítulo. 4aLibroszEspañaxHistoria 4aLibrosySIGLO XVIII 4aImprentaXHISTORIA 4aManuscritoszEspaña 4aIncunables 4aIluminación de libros y manuscritosxEspañoles1 aEscolar, Hipólito2 aLos manuscritos.2 aDe los incunables al siglo XVIII.2 aLa edición moderna. Siglos XIX y XX. 0aBiblioteca del libronno. 54, 60 y 66